| 000 | 00498nam a2200181Ia 4500 | ||
|---|---|---|---|
| 008 | 151018s9999 xx 000 0 und d | ||
| 082 |
_bRBASDV15495 _a891.464 |
||
| 100 | _aपुष्पा चीणे | ||
| 245 | _aअद्वैत | ||
| 250 | _b1 | ||
| 260 |
_bराजेश _c1981 |
||
| 300 | _a185 | ||
| 600 | _aपुष्पा चीणे | ||
| 630 | _aअद्वैत | ||
| 700 | _aपुष्पा चीणे | ||
| 730 | _aअद्वैत | ||
| 942 | _cBOOK | ||
| 999 |
_c1016222 _d1016219 |
||